The drama of atheist humanism /

Bibliographic Details
Main Author: Lubac, Henri de, 1896-1991
Format: Book
Language:English
French
Published: Cleveland : World Pub. Co., [1963,1950]
Series:Meridian books, M165
Subjects:

MARC

Tag First Indicator Second Indicator Subfields
LEADER 00000cam a2200000 4500
001 in00000038341
005 20151007081000.0
008 740425r19631950 eng u
035 |a (OCoLC)00870017 
035 |9 AAF5693AM 
040 |c CIN  |d TXA  |d UtOrBLW 
041 1 |a eng  |a fre 
049 |a TXAM  |c [366381] 
090 |a BT1210  |b .L83 1963 
092 |a 239  |b L926d, 1963 
100 1 |a Lubac, Henri de,  |d 1896-1991. 
240 1 3 |a Le drame de l'humanisme athee 
245 1 4 |a The drama of atheist humanism /  |c translated by Edith M. Riley. 
264 1 |a Cleveland :  |b World Pub. Co.,  |c [1963,1950] 
300 |a ix, 253 pages :  |b portraits ;  |c 23 cm. 
336 |a text  |b txt  |2 rdacontent 
337 |a unmediated  |b n  |2 rdamedia 
338 |a volume  |b nc  |2 rdacarrier 
490 0 |a Meridian books, M165 
500 |a Translation of Le drame de l'humanisme athee. 
650 0 |a Atheism  |x Controversial literature. 
650 0 |a Apologetics  |x History  |y 20th century. 
999 |a MARS 
999 f f |s af0b2248-37df-3da0-95ba-8155279e1f23  |i 5ea40ca7-3c2a-3482-96fc-0f57a3b2e2af  |t 0 
952 f f |p normal  |a Texas A&M University  |b College Station  |c Sterling C. Evans Library  |d Evans: Library Stacks  |t 0  |e BT1210 .L83 1963  |h Library of Congress classification  |i unmediated -- volume  |m A14800609380 
998 f f |a BT1210 .L83 1963  |t 0  |l Evans: Library Stacks